[Event "EU-ch U18 Girls"]
[Site "Murek"]
[Date "1998.??.??"]
[Round "3"]
[White "Radziewicz, Iweta"]
[Black "Gvetadze, Sofio"]
[Result "0-1"]
[WhiteElo "2425"]
[BlackElo "2165"]

1.Nf3 Nf6 2.c4 c5 3.Nc3 e6 4.d4 cxd4 5.Nxd4 a6 6.e4 Bb4 7.Bd3 Qc7 8.Ne2 Nc6
9.O-O Be7 10.Bf4 Ne5 11.Kh1 d6 12.Rc1 b6 13.Ng1 O-O 14.Nf3 Bb7 15.c5 bxc5
16.Bxe5 dxe5 17.Qe2 Rfc8 18.Na4 Qa5 19.Rc4 Bc6 20.b3 Nd7 21.Rd1 Bb5 22.Rc2 Bxa4
23.bxa4 Qxa4 24.Bc4 Qc6 25.h4 Nf6 26.Re1 Bd6 27.Rc3 Rcb8 28.Ng5 Bc7 29.Ra3 a5
30.g4 a4 31.Rf3 Ba5 32.Rg1 Ra7 33.Re3 Rd8 34.Nf3 Bc7 35.g5 Nh5 36.Qb2 Rb7
37.Qc2 Nf4 38.Rc1 Rdb8 39.Qc3 Rb1 40.Rce1 Qa8 41.Rxb1 Rxb1+ 42.Kh2 Qa5 43.Qc2 Qb4
44.Bb3 Rf1 45.Bxa4 c4 46.a3 Qb6 47.Kg3 Rh1 48.Nh2 Qd4 49.Be8 Qa1 50.Kg4 Rxh2
51.Qa4 Qg1+ 52.Rg3 Rxh4+ 53.Kf3 Qh1+  0-1

[Event "EU-ch U18 Girls"]
[Site "Murek"]
[Date "1998.??.??"]
[Round "4"]
[White "Chasovnikova, Eugenia"]
[Black "Gvetadze, Sofio"]
[Result "1/2-1/2"]
[WhiteElo "2260"]
[BlackElo "2165"]

1.Nf3 Nf6 2.c4 c5 3.Nc3 e6 4.g3 b6 5.Bg2 Bb7 6.O-O Be7 7.d3 O-O 8.e4 d6 9.a3 Nc6
10.Rb1 Rc8 11.h3 Ne8 12.Be3 Nc7 13.b4 cxb4 14.axb4 d5 15.b5 Na5 16.exd5 exd5
17.Nd4 Bf6 18.Qg4 Re8 19.Rfd1 g6 20.cxd5 Nxd5 21.Nxd5 Bxd5 22.Bxd5 Qxd5 23.Qf3 Qd6
24.Nb3 Nxb3 25.Rxb3 Bd4 26.Bxd4 Qxd4 27.Ra3 Rc5 28.g4 Rc7 29.Rda1 Qd7 30.Qf4 Re7
31.Qb4 Re5 32.Rb1 h5 33.Qf4 Qd6 34.Ra4 Rd7 35.Rb3 Qd5 36.Re4 Rde7 37.Rxe5 Rxe5
38.Rb1 hxg4 39.hxg4 Qxd3 40.Qxe5 Qxb1+ 41.Kg2 Qa2  1/2-1/2

[Event "EU-ch U14"]
[Site "Murek"]
[Date "1998.??.??"]
[Round "7"]
[White "Pavlovic, Milos2"]
[Black "Petuchovskis, Edgaras"]
[Result "0-1"]
[WhiteElo "2205"]
[BlackElo "2120"]

1.Nf3 Nf6 2.c4 c5 3.Nc3 d5 4.cxd5 Nxd5 5.g3 Nxc3 6.bxc3 b6 7.Bg2 Bb7 8.O-O e6
9.Qc2 Be7 10.Rd1 Qc8 11.Ba3 O-O 12.d4 Nd7 13.e4 Re8 14.d5 exd5 15.exd5 Bf6
16.d6 Qc6 17.Nh4 Qc8 18.Nf3 Qc6 19.Rac1 Ne5 20.Ne1 Qd7 21.Bxb7 Qxb7 22.c4 Nc6
23.Nf3 Nb4 24.Bxb4 Qxf3 25.Rd3 Qg4 26.Bd2 Bd4 27.Be3 Bxe3 28.fxe3 Rad8 29.Rcd1 h5
30.Rf1 h4 31.Rf4 Qg6 32.Qd1 hxg3 33.h3 Re4 34.Rxe4 Qxe4 35.Qd2 Qxc4 36.Kg2 Qh4
37.Rd5 Rd7 38.Re5 Qf6 39.Rd5 Qf2+ 40.Qxf2 gxf2 41.Kxf2 f6 42.Kf3 Kf7 43.Kf4 Ke6
44.Rd3 Rxd6 45.Ra3 a5 46.h4 c4 47.Rc3 Kd5 48.h5 b5 49.Kf5 b4 50.Rc1 c3 51.Kg6 Rd7
52.Rd1+ Ke6 53.Rc1 Rc7  0-1

[Event "Nizhnij Tagil"]
[Site "Nizhnij Tagil"]
[Date "1998.??.??"]
[Round "2"]
[White "Savon, Vladimir A"]
[Black "Ulibin, Mikhail"]
[Result "1/2-1/2"]
[WhiteElo "2425"]
[BlackElo "2575"]

1.Nf3 c5 2.c4 Nf6 3.Nc3 e6 4.e4 Nc6 5.Be2 d5 6.e5 Nd7 7.cxd5 exd5 8.Nxd5 Ndxe5
9.Nxe5 Qxd5 10.Nxc6 Qxc6 11.O-O Be7 12.d4 cxd4 13.Qxd4 O-O 14.Be3 Bf6 15.Qc4 Bd7
16.Rad1 Bxb2 17.Qb3 Bf6 18.Bf3 Qb5  1/2-1/2

[Event "Nizhnij Tagil"]
[Site "Nizhnij Tagil"]
[Date "1998.??.??"]
[Round "2"]
[White "Kuljabin, Vadim"]
[Black "Zhidkov, Valery S"]
[Result "0-1"]
[WhiteElo "2450"]
[BlackElo "2400"]

1.c4 Nf6 2.Nc3 e6 3.Nf3 c5 4.e4 d6 5.Bd3 g6 6.Bc2 Bg7 7.d4 cxd4 8.Nxd4 a6
9.Ba4+ Nbd7 10.Be3 O-O 11.h3 Nc5 12.Bc2 Qc7 13.O-O b6 14.Qd2 Bb7 15.f3 Rfe8
16.Rac1 Rac8 17.Rfd1 Red8 18.Bg5 Ncd7 19.Ba4 Qb8 20.Nde2 Ne5 21.b3 d5 22.exd5 exd5
23.Qe3 dxc4 24.Qxb6 Nd3 25.Rb1 Rd6 26.Qe3 Re6 27.Qd2 Qa7+ 28.Kh2 Bxf3 29.bxc4 Qc7+
30.Kg1 Qc5+ 31.Kh2 Bxe2 32.Nxe2 Ne4 33.Qxd3 Qxg5 34.Rf1 Nc5 35.Qf3 Rf6 36.Qa3 Rxf1
37.Rxf1 Qe5+ 38.Ng3 h5 39.h4 Qd4 40.Rf3 Qxh4+ 41.Kg1 Qxc4  0-1

[Event "North Bay op"]
[Site "North Bay"]
[Date "1998.??.??"]
[Round "4"]
[White "Serper, Grigory"]
[Black "Gardner, Robert"]
[Result "1-0"]
[WhiteElo "2535"]
[BlackElo "2185"]

1.Nf3 Nf6 2.c4 c5 3.Nc3 b6 4.e4 d6 5.d4 cxd4 6.Nxd4 Bb7 7.Qe2 g6 8.g3 Bg7
9.Bg2 O-O 10.O-O Nbd7 11.Rd1 Qc8 12.Nd5 Nxd5 13.exd5 Re8 14.Bh3 Qc7 15.Ne6 Qc8
16.Nxg7 Kxg7 17.b3 Qc7 18.Bb2+ f6 19.Rd3 Ne5 20.Re3 Bc8 21.Bxc8 Raxc8 22.f4 Nf7
23.Bxf6+ Kxf6 24.Qb2+ e5 25.dxe6 Ne5 26.fxe5+ dxe5 27.Rf1+ Kxe6 28.Qe2 h5
29.Qd3 Qg7 30.Qd5+  1-0

[Event "RUS-ch sf"]
[Site "Novosibirsk"]
[Date "1998.??.??"]
[Round "?"]
[White "Ivanov, Timur"]
[Black "Usatchev, Sergei"]
[Result "1-0"]
[WhiteElo "2380"]
[BlackElo "2005"]

1.Nf3 Nf6 2.c4 c5 3.Nc3 d5 4.cxd5 Nxd5 5.e4 Nb4 6.Bc4 Be6 7.Bxe6 Nd3+ 8.Kf1 fxe6
9.Ng5 Qd7 10.Qg4 Ne5 11.Qh3 Qd3+ 12.Qxd3 Nxd3 13.Nxe6 Na6 14.Ke2 Ndb4 15.d3 Kd7
16.Nxf8+ Rhxf8 17.Be3 Nc2 18.Rac1 Nxe3 19.fxe3 Nc7 20.d4 cxd4 21.exd4 Rf6
22.Rhf1 Raf8 23.Rxf6 Rxf6 24.Ke3 g5 25.h3 h5 26.Na4 b6 27.Nc3 h4 28.Ne2 Ne6
29.Ng1 Rf4 30.Nf3 Kd6 31.Nxg5 Rf8 32.Nxe6 Kxe6 33.Rc7 Rg8 34.d5+ Kd6 35.Rc6+ Ke5
36.Rc7 Kd6 37.Rc6+ Kd7 38.Rc2 Kd6 39.Kd4 e5+ 40.dxe6 Kxe6 41.b3 Rd8+ 42.Ke3 Rg8
43.Kf4 Rg7 44.b4 Rf7+ 45.Ke3 Rg7 46.Kd4 Rd7+ 47.Kc4 Ke5 48.Kb5 Rh7 49.a4 Kxe4
50.Rc4+ Kd5 51.Rg4 Kd6 52.Ka6 Kd5 53.b5 Kc5 54.Rf4 Kd5 55.Rf8 Kc5 56.Ra8 Kb4
57.Rxa7 Rh6 58.Rb7 Kc5 59.Rc7+ Kb4 60.Rc6 Rh8 61.Kxb6 Kxa4 62.Rc4+ Kb3 63.Rg4 Rh6+
64.Ka7 Rh7+ 65.Ka6  1-0

[Event "Atom Cup GM 3rd"]
[Site "Paks"]
[Date "1998.??.??"]
[Round "5"]
[White "Bukal, Vladimir Sr"]
[Black "Csom, Istvan"]
[Result "1/2-1/2"]
[WhiteElo "2395"]
[BlackElo "2475"]

1.c4 Nf6 2.Nc3 c5 3.Nf3 e6 4.g3 b6 5.Bg2 Bb7 6.O-O d6 7.d4 cxd4 8.Qxd4 a6
9.b3 Nbd7 10.Bb2 Be7 11.Ng5 Bxg2 12.Kxg2 Qc7 13.Nge4  1/2-1/2

[Event "Paris"]
[Site "Paris"]
[Date "1998.??.??"]
[Round "1"]
[White "Nikcevic, Nebojsa"]
[Black "Montheard, Xavier"]
[Result "1/2-1/2"]
[WhiteElo "2505"]
[BlackElo "2220"]

1.Nf3 Nf6 2.c4 c5 3.Nc3 g6 4.e4 d6 5.d4 cxd4 6.Nxd4 Bg7 7.Be2 O-O 8.O-O Nc6
9.Be3 Bd7 10.Qd2 Nxd4 11.Bxd4 Bc6 12.Bd3 a5 13.b3 Nd7 14.Bxg7 Kxg7 15.Rae1 Qb6
16.Re3 Qd4 17.Rd1 Rfe8 18.Qc1 Nf6 19.e5 dxe5 20.Bxg6 fxg6 21.Rxd4 exd4 22.Re1 dxc3
23.Qxc3 Kf7 24.f3 Red8 25.Re5 Rd1+ 26.Kf2 Rad8 27.Qxa5 R8d2+ 28.Re2 Rxe2+
29.Kxe2 Rg1 30.Kf2 Rd1 31.a4 Ra1 32.Qd2 Nd7 33.Qb2 Rd1 34.Qc2 Ra1 35.b4 Bxa4
36.Qb2 Rh1 37.Qa2 Bd1 38.c5+ Kf6 39.Qa1+ Kf7 40.h3 h5 41.Qa2+ Kf6 42.Qd5 Nf8
43.Qxb7 Bb3 44.Qa6+ Ne6 45.Qa3 Bd5 46.Qd3 Nf4 47.Qc3+ e5 48.c6 Rc1 49.Qd2 Rxc6
50.g3 Nxh3+ 51.Kg2 Be6 52.b5 Rc8 53.b6 Ng5 54.b7 Rb8 55.f4 Nf7 56.fxe5+ Nxe5
57.Qf4+ Bf5 58.Qb4 Nd7 59.Kh2 Ke6 60.Qc3 Kd6 61.Qc8 Be4 62.Qc4 Bxb7 63.Qd3+ Ke6
64.Qxg6+ Nf6 65.Qb1 Ke7 66.Qb5 Ke6 67.Qb6+ Ke7 68.Qb4+  1/2-1/2

[Event "Paris"]
[Site "Paris"]
[Date "1998.??.??"]
[Round "6"]
[White "Lukov, Valentin"]
[Black "Montheard, Xavier"]
[Result "0-1"]
[WhiteElo "2470"]
[BlackElo "2220"]

1.Nf3 c5 2.c4 Nf6 3.Nc3 e6 4.e3 Be7 5.d4 cxd4 6.exd4 d5 7.cxd5 Nxd5 8.Bd3 Nc6
9.O-O O-O 10.Re1 a6 11.a3 Nxc3 12.bxc3 b5 13.a4 b4 14.Be4 Bb7 15.cxb4 Bxb4
16.Rb1 a5 17.Bxh7+ Kxh7 18.Ng5+ Kg6 19.Qd3+ f5 20.Nxe6 Qd7 21.Re3 Rae8 22.d5 Nd8
23.Nf4+ Kh7 24.Rh3+ Kg8 25.Bb2 Re4 26.Qg3 Rfe8 27.Rf1 Re1  0-1

[Event "US-chT Amateur East"]
[Site "Parsippany"]
[Date "1998.??.??"]
[Round "6"]
[White "Mason, Bill"]
[Black "Mirabile, Tim"]
[Result "1-0"]
[WhiteElo "2245"]
[BlackElo "2195"]

1.c4 c5 2.Nc3 e6 3.Nf3 Nf6 4.d4 cxd4 5.Nxd4 Be7 6.Bf4 a6 7.Rc1 O-O 8.e3 d6
9.Nb3 Nc6 10.Be2 e5 11.Bg5 Be6 12.O-O Rc8 13.Bxf6 Bxf6 14.Bg4 Qd7 15.Bxe6 Qxe6
16.Nd5 Ne7 17.Nxe7+ Bxe7 18.Qd5 Qxd5 19.cxd5 Rxc1 20.Rxc1 Bd8 21.Kf1 f6 22.Ke2 Kf7
23.Rc8 Bb6 24.Rc4 Rb8 25.Kd3 f5 26.f3 h5 27.Rh4 g6 28.Rb4 Bd8 29.g3 Ke8 30.e4 Kd7
31.f4 b6 32.fxe5 dxe5 33.Nc5+ Kd6 34.Ne6 b5 35.Rb3 Bb6 36.Rc3 Kd7 37.Rc6 Bg1
38.b4 Bxh2 39.Nc5+ Ke7 40.Rxg6 Kf7 41.exf5 h4 42.gxh4 Rh8 43.Rg4  1-0

[Event "HUN-ch op"]
[Site "Pecs"]
[Date "1998.??.??"]
[Round "6"]
[White "Marasescu, Ioan"]
[Black "Sziebert, Adam"]
[Result "1/2-1/2"]
[WhiteElo "2315"]
[BlackElo "2390"]

1.Nf3 c5 2.c4 Nf6 3.Nc3 g6 4.d4 cxd4 5.Nxd4 Bg7 6.e4 d6 7.Be2 O-O 8.O-O Nc6
9.Be3 Nxd4 10.Bxd4 Be6  1/2-1/2

[Event "Plzen opJ-B"]
[Site "Plzen"]
[Date "1998.??.??"]
[Round "5"]
[White "Petek, P."]
[Black "Batelkova, Lucie"]
[Result "1-0"]
[WhiteElo "1895"]
[BlackElo "1670"]

1.c4 c5 2.Nc3 Nf6 3.Nf3 e6 4.e4 Nc6 5.d3 Be7 6.Bf4 a6 7.e5 Ng8 8.Qd2 d5 9.exd6 Bxd6
10.Bxd6 Qxd6 11.Qg5 Qf8 12.Ne4 e5 13.Nxe5 h6 14.Qg3 Nd4 15.O-O-O Ne7 16.Nd6+ Kd8
17.Ndxf7+ Ke8 18.Nxh8 Qxh8 19.Ng6 Qh7 20.Nxe7 Kxe7 21.Qe5+ Ne6 22.f4 Kf7
23.f5 Nd4 24.Qxc5 Nxf5 25.Be2 Kg8 26.Qd5+  1-0

[Event "CRO-chT2"]
[Site "Pula"]
[Date "1998.??.??"]
[Round "2"]
[White "Matijevic, Hrvoje"]
[Black "Dutina, Dario"]
[Result "0-1"]
[WhiteElo "2250"]
[BlackElo "2265"]

1.Nf3 e6 2.c4 c5 3.Nc3 Nf6 4.e3 d6 5.d4 Nbd7 6.Be2 Qc7 7.O-O a6 8.a4 b6 9.d5 exd5
10.cxd5 g6 11.e4 Bg7 12.h3 O-O 13.Bf4 Re8 14.Nd2 Ne5 15.Bg3 g5 16.Nf3 Nxf3+
17.Bxf3 Nd7 18.Qd2 h6 19.h4 gxh4 20.Bxh4 Ne5 21.Bh5 Ng6 22.Bg3 Kh7 23.f4 Bd4+
24.Kh1 Rg8 25.Ne2 Bh8 26.Ra3 Bd7 27.f5 Ne5 28.Bxe5 Bxe5 29.Rh3 Rg7 30.g4 Rh8
31.Bg6+ Kg8 32.Ng3 Kf8  0-1

[Event "Pula op"]
[Site "Pula"]
[Date "1998.??.??"]
[Round "9"]
[White "Lalic, Bogdan"]
[Black "Cebalo, Miso"]
[Result "1/2-1/2"]
[WhiteElo "2545"]
[BlackElo "2515"]

1.c4 c5 2.Nf3 Nf6 3.Nc3 g6 4.d4 cxd4 5.Nxd4 Nc6 6.e4 d6 7.Be2 Nxd4 8.Qxd4 Bg7
9.Be3 O-O 10.Qd2 Be6 11.O-O Qa5 12.Rab1 Rfc8 13.b3  1/2-1/2

[Event "ISL-chT9899"]
[Site "Reykjavik"]
[Date "1998.??.??"]
[Round "?"]
[White "Petursson, Margeir"]
[Black "Jensson, Einar Hjalti"]
[Result "1-0"]
[WhiteElo "2535"]
[BlackElo "2209"]

1.c4 Nf6 2.Nc3 c5 3.Nf3 d5 4.cxd5 Nxd5 5.g3 Nc6 6.Bg2 e6 7.O-O Be7 8.d4 cxd4
9.Nxd5 exd5 10.Nxd4 O-O 11.Be3 Be6 12.Qa4 Qd7 13.Rfd1 Rfd8 14.Rac1 Nxd4 15.Qxd4 Bf6
16.Qb4 a5 17.Qd2 Qb5 18.Bf4 h6 19.b3 a4 20.b4 Rac8 21.Bc7 Re8 22.e3 d4 23.exd4 Bc4
24.Be5 Bxe5 25.dxe5 Rxe5 26.Qf4 Be6 27.Rxc8+ Bxc8 28.h4 Qe8 29.a3 b5 30.Rd6 Qe7
31.Qd4 Bf5 32.Rb6 Qc7 33.Rb7 Re1+ 34.Kh2 Qe5 35.Qd8+ Kh7 36.Rxf7 Be4 37.Qe7 Bxg2
38.Qxe5 Rxe5 39.Kxg2 Re2 40.h5 Ra2 41.Rf3 Rb2 42.Re3 Rb3 43.Kf3 g6 44.hxg6+ Kxg6
45.Ke4 Rb2 46.f4 Rc2 47.Ke5 h5 48.Rd3 Rf2 49.Kd4 Rc2 50.Rc3 Rb2 51.Rc6+ Kf7
52.Rh6 Rb3 53.Rxh5 Rxg3 54.Kc5 Rxa3 55.Kxb5 Ke6 56.Ka5 Kd7 57.Rc5 Ra1 58.b5 a3
59.Rc3 a2 60.Rc2 Kd6 61.Ka6 Rf1 62.Rxa2 Rxf4 63.b6 Rb4 64.b7 Kc7 65.Rc2+ Kd7
66.Rc8 Rb1 67.b8=Q Ra1+ 68.Kb5 Rb1+ 69.Ka4 Ra1+ 70.Kb3 Rb1+ 71.Ka2 Rxb8 72.Rxb8  1-0

[Event "SWE-ch qualB"]
[Site "Ronneby"]
[Date "1998.??.??"]
[Round "?"]
[White "Eriksson, Anders"]
[Black "Zetterberg, Staffan"]
[Result "0-1"]
[WhiteElo "2290"]
[BlackElo "2200"]

1.c4 Nf6 2.Nc3 c5 3.Nf3 d5 4.cxd5 Nxd5 5.e4 Nb4 6.Bc4 Nd3+ 7.Ke2 Nf4+ 8.Kf1 Ne6
9.b4 g6 10.bxc5 Bg7 11.Ba3 Nc6 12.Rb1 O-O 13.Nd5 Kh8 14.h4 h6 15.d3 f5 16.exf5 Rxf5
17.Ne3 Rf8 18.Bd5 Nf4 19.Be4 Bf5 20.Qc2 Nd4 21.Nxd4 Bxd4 22.Nxf5 gxf5 23.Bxb7 Rb8
24.Bf3 Qa5 25.Rxb8 Rxb8 26.Bc1 Qxc5 27.Qxc5 Bxc5 28.Bxf4 Rb1+ 29.Ke2 Rxh1
30.g3 Rb1 31.Be5+ Kh7 32.Bd5 Bxf2 33.d4 Rb2+ 34.Kf3 Be1 35.h5 Rb6 36.Bf7 Bd2
37.g4 fxg4+ 38.Kxg4 Bg5 39.d5 Bf6 40.Kf5 Kg7 41.Bg6 e6+  0-1

[Event "SWE-ch"]
[Site "Ronneby"]
[Date "1998.??.??"]
[Round "9"]
[White "Agrest, Evgenij"]
[Black "Wahlbom, Magnus"]
[Result "1-0"]
[WhiteElo "2525"]
[BlackElo "2310"]

1.Nf3 Nf6 2.c4 e6 3.Nc3 c5 4.g3 Nc6 5.d4 d5 6.cxd5 exd5 7.Bg2 Be7 8.O-O O-O
9.Bf4 Bf5 10.Rc1 h6 11.dxc5 Bxc5 12.Na4 Bb6 13.b3 Re8 14.Qd2 Ba5 15.Qb2 Be4
16.Ne5 Bxg2 17.Kxg2 Rc8 18.Nxc6 bxc6 19.Be5 Qe7 20.Bxf6 gxf6 21.Rc2 Bb4 22.Kg1 Qe5
23.Qc1 Kg7 24.e3 Re6 25.Qd1 h5 26.Nb2 Bd6 27.Qf3 Qg5 28.h4 Qg6 29.Re2 Rce8
30.Rd1 Re4 31.Kf1 R8e5 32.Nd3 Rf5 33.Nf4 Bxf4 34.gxf4 c5 35.Rc2 c4 36.bxc4 Rxc4
37.Rcd2 Ra4 38.Qe2 Ra3 39.Rd4 a6 40.Rc1 Ra5 41.a4 Qg4 42.f3 Qg3 43.Qg2 Qxg2+
44.Kxg2 Kf8 45.Rc7  1-0

[Event "SWE-ch"]
[Site "Ronneby"]
[Date "1998.??.??"]
[Round "10"]
[White "Astrom, Robert"]
[Black "Akesson, Joel"]
[Result "1-0"]
[WhiteElo "2460"]
[BlackElo "2290"]

1.Nf3 Nf6 2.c4 c5 3.Nc3 d5 4.cxd5 Nxd5 5.g3 g6 6.Bg2 Bg7 7.O-O O-O 8.Nxd5 Qxd5
9.d3 Nc6 10.Be3 Bxb2 11.Rb1 Bg7 12.Qa4 Nb4 13.Ng5 Bd7 14.Bxd5 Bxa4 15.Bxb7 Rab8
16.Bxc5 Nxa2 17.Bf3 Nc3 18.Rxb8 Rxb8 19.Bxa7 Rc8 20.Ne4 Nb5 21.Be3 Nd4 22.Bxd4 Bxd4
23.Rb1 Bc6 24.Ng5 Bf6 25.Bxc6 Bxg5 26.Rb6 Bf6 27.Kg2 Kg7 28.f4 Bd4 29.Ra6 Rc7
30.Bb5 Rc1 31.Bc4 Re1 32.Kf3 f5 33.Re6 Rf1+ 34.Kg2 Rf2+ 35.Kh3 Bf6 36.e4 g5
37.exf5 gxf4 38.Kg4 fxg3 39.hxg3 Rf1 40.Re2 h5+ 41.Kxh5 Rxf5+ 42.Kg4 Re5
43.Ra2 Rg5+ 44.Kf4 Kg6 45.g4 Be5+ 46.Kf3 Bd4 47.Ra6+ Kg7 48.Kf4 Rg6 49.Be6 Bc5
50.Ke4 Bd6 51.Bf5 Rh6 52.d4 Rh8 53.Ra1 Re8 54.Kd5 Bf4 55.Bd7 Rf8 56.Re1 Bd6
57.Bf5 Rf6 58.Rf1 Bg3 59.Rd1 Rd6+ 60.Kc4 Rc6+ 61.Kb5 Rd6 62.d5 Bh4 63.Be6 Rd8
64.Kc6 Bg3 65.Bd7 Rf8 66.Rd2 Bd6 67.Bf5 Ra8 68.Kd7 Ra3 69.Rd1 Ra7+ 70.Ke6 Ra6
71.Bd3 Rb6 72.g5 Rb8 73.Rh1 Rb6 74.Rh7+ Kg8 75.g6 Rb3 76.Bf5 Rb7 77.Rf7 Bb4
78.Ke5 Bc3+ 79.Ke4 Rb4+ 80.Kd3 Bf6 81.Be6 Rb3+ 82.Kc4 Rc3+ 83.Kb4  1-0

[Event "SWE-ch"]
[Site "Ronneby"]
[Date "1998.??.??"]
[Round "11"]
[White "Akesson, Ralf"]
[Black "Wahlbom, Magnus"]
[Result "1-0"]
[WhiteElo "2505"]
[BlackElo "2310"]

1.Nf3 Nf6 2.c4 c5 3.Nc3 e6 4.g3 Nc6 5.Bg2 d5 6.cxd5 exd5 7.d4 Be7 8.O-O O-O
9.Bg5 cxd4 10.Nxd4 h6 11.Be3 Re8 12.Qc2 Bg4 13.h3 Be6 14.Rad1 Qd7 15.Kh2 Rad8
16.f4 Qc7 17.Ncb5 Qa5 18.Nxc6 bxc6 19.Nxa7 Bd7 20.Nxc6 Bxc6 21.Qxc6 Rc8 22.Qb6 Qxa2
23.Bd4 Qc4 24.Bf3 Bc5 25.Bxc5 Rxc5 26.b3 Qc2 27.Rd2 Qxd2 28.Qxc5 Re3 29.b4 d4
30.Kg1 d3 31.exd3 Qxd3 32.Rd1 Qb3 33.Rd8+ Re8 34.Rxe8+ Nxe8 35.Qc6 Qe3+ 36.Kh2 h5
37.Bxh5 Qd2+ 38.Kh1 Qe1+ 39.Kg2 Qd2+ 40.Kf1 Nf6 41.Qc8+ Kh7 42.Qf5+ Kg8 43.b5 Qe3
44.Bg4 Qxg3 45.Ke2 Qg2+ 46.Kd3 Qf1+ 47.Kd2 Qf2+ 48.Kc3 Qe3+ 49.Kc4 Qc1+ 50.Kb4 Qd2+
51.Kc5 Qc3+ 52.Kb6 Qd4+ 53.Kc6 Qc4+ 54.Kb7 Qd4 55.Qe5 Qd2 56.b6 Qg2+ 57.Ka7 Qa2+
58.Kb8 Qb3 59.b7 Kf8 60.Qc5+ Ke8 61.Kc8  1-0

[Event "Roskilde op"]
[Site "Roskilde"]
[Date "1998.??.??"]
[Round "7"]
[White "Adamski, Jan"]
[Black "Jorgensen, Brian"]
[Result "1/2-1/2"]
[WhiteElo "2345"]
[BlackElo "2195"]

1.Nf3 Nf6 2.c4 c5 3.Nc3 g6 4.d4 cxd4 5.Nxd4 Bg7 6.e4 d6 7.Be2 O-O 8.Be3 Nc6
9.O-O Bd7 10.f3 a6 11.Qd2 Re8 12.Rfd1 Rc8 13.Rac1 Nxd4 14.Bxd4 Be6 15.Na4 Nd7
16.Be3 Qc7 17.b3 Nc5 18.Nc3 Qa5 19.Nd5 Qxd2 20.Rxd2 f5 21.exf5  1/2-1/2

[Event "ESP-chT"]
[Site "Salamanca"]
[Date "1998.??.??"]
[Round "5"]
[White "Lautier, Joel"]
[Black "Rogers, Ian"]
[Result "1/2-1/2"]
[WhiteElo "2625"]
[BlackElo "2605"]

1.c4 c5 2.Nf3 Nf6 3.Nc3 e6 4.g3 b6 5.Bg2 Bb7 6.O-O Be7 7.Re1 d6 8.e4 a6 9.d4 cxd4
10.Nxd4 Qc7 11.Be3 Nbd7 12.f4 O-O 13.Rc1 Rac8 14.b3 Rfe8 15.Kh1 Bf8 16.Rc2 Qb8
17.Bg1 g6 18.Nf3 Red8 19.f5 exf5 20.exf5 d5 21.fxg6 hxg6 22.Nxd5 Nxd5 23.cxd5 Rxc2
24.Qxc2 Bxd5 25.Ng5 Qb7 26.Rd1 Bxg2+ 27.Qxg2 Qxg2+ 28.Kxg2 Be7 29.Nf3 b5
30.Rc1 Nf6 31.Nd4 Nd5 32.Nc6 Bg5 33.Rc2  1/2-1/2

[Event "San Jose op"]
[Site "San Jose"]
[Date "1998.??.??"]
[Round "9"]
[White "Baldellou, R."]
[Black "Gracia Prieto, LE."]
[Result "1-0"]
[WhiteElo "2120"]
[BlackElo "2000"]

1.Nf3 Nf6 2.c4 g6 3.Nc3 c5 4.d4 Bg7 5.d5 d6 6.e4 Bg4 7.h3 Bxf3 8.Qxf3 Nbd7
9.Bd3 Ne5 10.Qe2 Nxd3+ 11.Qxd3 Nd7 12.Be3 Qb6 13.b3 Ne5 14.Qd2 a6 15.O-O f6
16.Ne2 Qc7 17.Nf4  1-0

[Event "Staufer op 10th"]
[Site "Schwaebisch Gmuend"]
[Date "1998.??.??"]
[Round "5"]
[White "Badea, Bela"]
[Black "Zeller, Frank"]
[Result "1/2-1/2"]
[WhiteElo "2545"]
[BlackElo "2455"]

1.Nf3 c5 2.c4 Nf6 3.Nc3 b6 4.g3 Bb7 5.Bg2 e6 6.O-O Be7 7.d4 cxd4 8.Qxd4 d6
9.b3 a6 10.Ba3 Nc6 11.Qf4 Qc7 12.Rac1 Na7 13.Rfd1 Rd8 14.e4 O-O 15.Qe3 Rfe8
16.h3 Nd7 17.Bb2 Qb8 18.Nd4 Ba8 19.Qe2 Bf6 20.Rc2  1/2-1/2

[Event "Seefeld op 9th"]
[Site "Seefeld"]
[Date "1998.??.??"]
[Round "1"]
[White "Meier, Wolfgang"]
[Black "Hoffmann, Michael"]
[Result "0-1"]
[WhiteElo "2125"]
[BlackElo "2440"]

1.Nf3 c5 2.c4 Nf6 3.Nc3 e6 4.d4 cxd4 5.Nxd4 a6 6.a3 b6 7.e4 d6 8.Be3 Bb7
9.f3 Nbd7 10.Be2 Be7 11.O-O O-O 12.Qd2 Rc8 13.Rfd1 Re8 14.Bf1 Qc7 15.Rac1 Qb8
16.Qf2 h6 17.Kh1 Kh8 18.Nb3 Bd8 19.Bf4 Bc7 20.Qd2 Ne5 21.Qf2 d5 22.Bxe5 Bxe5
23.cxd5 Bxh2 24.Ne2 Rxc1 25.Nbxc1 exd5 26.g3 dxe4 27.Kxh2 exf3 28.Nf4 Ng4+  0-1

[Event "Seefeld op 9th"]
[Site "Seefeld"]
[Date "1998.??.??"]
[Round "2"]
[White "Schnitzspan, Lothar"]
[Black "Schmitz, Andreas"]
[Result "1/2-1/2"]
[WhiteElo "2310"]
[BlackElo "2130"]

1.Nf3 Nf6 2.c4 c5 3.Nc3 e6 4.g3 b6 5.Bg2 Bb7 6.O-O Be7 7.b3 d5 8.cxd5 Nxd5
9.Nxd5 Bxd5 10.Bb2 Bf6 11.Bxf6 Qxf6 12.d4 cxd4 13.Qxd4 Nc6 14.Qxf6 gxf6 15.Rfd1 Ke7
16.Nd4 Bxg2 17.Kxg2 Rac8 18.e3 Rhd8 19.Nxc6+ Rxc6 20.Rxd8 Kxd8 21.Rd1+ Ke7
22.Rd2 b5 23.Rd4 a5 24.Rh4 Rc2 25.a4 Rb2 26.Rxh7 Rxb3 27.axb5 Rxb5 28.Rh8 a4
29.Ra8 Rb4 30.h4 f5 31.Ra7+  1/2-1/2

[Event "Seefeld op 9th"]
[Site "Seefeld"]
[Date "1998.??.??"]
[Round "9"]
[White "Kaye, Ferdinand"]
[Black "Schmitz, Andreas"]
[Result "1-0"]
[WhiteElo "1990"]
[BlackElo "2130"]

1.Nf3 Nf6 2.c4 c5 3.Nc3 e6 4.g3 b6 5.Bg2 Bb7 6.O-O Be7 7.Re1 d6 8.e4 e5 9.a3 Nc6
10.d3 O-O 11.Rb1 Bc8 12.h3 Bd7 13.Bd2 Qc8 14.Kh2 Ne8 15.Nd5 Bd8 16.Ng1 Nc7
17.Nxc7 Qxc7 18.Ne2 Rb8 19.Nc3 Nd4 20.b4 a6 21.a4 Be6 22.b5 a5 23.f4 f5 24.exf5 Bxf5
25.Nd5 Qf7 26.Bc1 Qe8 27.Rb2 Kh8 28.Rf2 Be6 29.Ref1 Bxd5 30.Bxd5 Bf6 31.fxe5 dxe5
32.Be4 Be7 33.Rxf8+ Bxf8 34.Be3 Rd8 35.Rf2 Rd6 36.Qf1 Be7 37.Bg5 Ne6 38.Bxe7 Qxe7
39.Rf7 Qe8 40.Bd5 Kg8 41.Rf5 Rxd5 42.cxd5 Nd4 43.Rf2 h6 44.Qg2 Qh5 45.d6 Qe8
46.Qd5+ Kh7 47.Rf7  1-0

[Event "St Helier op"]
[Site "St Helier"]
[Date "1998.??.??"]
[Round "7"]
[White "Gunter, David WW"]
[Black "Farndon, David Alexander"]
[Result "1-0"]
[WhiteElo "2185"]
[BlackElo "2250"]

1.c4 e6 2.Nc3 c5 3.Nf3 Nf6 4.g3 b6 5.Bg2 Bb7 6.O-O Be7 7.d4 cxd4 8.Nxd4 Bxg2
9.Kxg2 Qc8 10.Bf4 Qb7+ 11.f3 O-O 12.Ndb5 Ne8 13.Ne4 d5 14.cxd5 exd5 15.Nec3 a6
16.Nd4 Nf6 17.a3 Nc6 18.Nxc6 Qxc6 19.Rc1 Rac8 20.Qd3 Qb7 21.Rfd1 Rfd8 22.Be5 b5
23.Qf5 g6 24.Qf4 Rc4 25.Rd4 Nd7 26.Rcd1 f6 27.Bd6 g5 28.Qf5 Bxd6 29.Qe6+ Kg7
30.Qxd6 Rxd4 31.Rxd4 Rf8 32.Nxd5 Rf7 33.Ne3 Ne5 34.Qd5 Qxd5 35.Rxd5 Rc7 36.Rd6 Ra7
37.b3 Kf7 38.Nd5 Nd7 39.b4 h6 40.Kf2 h5 41.Rc6 Kg6 42.e4 Kf7 43.f4 gxf4 44.gxf4 Kg7
45.Kg3  1-0

[Event "St Raphael op"]
[Site "St Raphael"]
[Date "1998.??.??"]
[Round "?"]
[White "Contin, Daniel"]
[Black "Dorfman, Josif D"]
[Result "1/2-1/2"]
[WhiteElo "2300"]
[BlackElo "2600"]

1.c4 Nf6 2.Nf3 c5 3.Nc3 g6 4.g3 b6 5.Bg2 Bb7 6.d4 cxd4 7.Qxd4 Bg7 8.O-O d6
9.Rd1 Nbd7 10.Be3 Rc8 11.Rac1 O-O 12.Qh4 h5 13.h3 Bxf3 14.exf3 a6 15.b3 Re8
16.f4 b5 17.g4 bxc4 18.b4 hxg4 19.hxg4 Nh7 20.Bb7 Rb8 21.Bxa6 Rxb4  1/2-1/2

[Event "SVK-chT 9899"]
[Site "SVK"]
[Date "1998.??.??"]
[Round "3"]
[White "Marek, Stanislav"]
[Black "Turna, Stefan"]
[Result "0-1"]
[WhiteElo "2240"]
[BlackElo "2195"]

1.c4 Nf6 2.Nc3 c5 3.Nf3 g6 4.g3 Bg7 5.Bg2 O-O 6.d4 cxd4 7.Nxd4 Nc6 8.O-O Qa5
9.Nb3 Qb4 10.c5 b6 11.Bd2 Ba6 12.Nd5 Qc4 13.Nc7 Rac8 14.Nxa6 Qxa6 15.cxb6 axb6
16.Bc3 Rfd8 17.e4 d6 18.Re1 Nd7 19.Re3 Nde5 20.Nd2 b5 21.a3 Bh6 22.Re2 Qb6
23.Nf3 Nxf3+ 24.Bxf3 Bg7 25.Bxg7 Kxg7 26.Rd2 e5 27.Rxd6 Rxd6 28.Qxd6 Rd8
29.Rd1 Rxd6 30.Rxd6 Qc7 31.Rd2 Nd4 32.Kg2 Qc1  0-1

[Event "SVK-chT 9798"]
[Site "SVK"]
[Date "1998.??.??"]
[Round "8"]
[White "Castiglione, Mario"]
[Black "Debnar, Lubos"]
[Result "1-0"]
[WhiteElo "2225"]
[BlackElo "2280"]

1.Nf3 Nf6 2.c4 c5 3.Nc3 e6 4.e4 Nc6 5.d4 cxd4 6.Nxd4 Bb4 7.Nxc6 dxc6 8.Qb3 Bc5
9.Be2 Qc7 10.Bg5 Qe5 11.f4 Qd4 12.Rf1 Be7 13.e5 Nd7 14.Bxe7 Kxe7 15.Rd1 Qb6
16.Qa3+ c5 17.Nb5 Nb8 18.b4 Nc6 19.bxc5 Qa5+ 20.Qxa5 Nxa5 21.Rf3 Bd7 22.Ra3 b6
23.Rd6 Nc6 24.Bf3 Rhc8 25.cxb6  1-0

[Event "SVK-chT 9798"]
[Site "SVK"]
[Date "1998.??.??"]
[Round "10"]
[White "Kolesar, Milan"]
[Black "Ciganikova, Andrea"]
[Result "0-1"]
[WhiteElo "2225"]
[BlackElo "2160"]

1.Nf3 Nf6 2.c4 c5 3.Nc3 e6 4.g3 b6 5.Bg2 Bb7 6.O-O Be7 7.d4 cxd4 8.Qxd4 d6
9.b3 O-O 10.Bb2 a6 11.e4 Nbd7 12.Qe3 Qc7 13.Nd4 Rfe8 14.Rfe1 Bf8 15.h3 g6
16.Rad1 Rad8 17.Qc1 Nc5 18.Qa1 Qb8 19.Nc2 Qa8 20.f3 Qb8 21.Ne3 Nh5 22.Ne2 Bg7
23.Bxg7 Nxg7 24.Ng4 Re7 25.Rd2 h5 26.Nf6+ Kh8 27.Red1 e5 28.Qc1 g5 29.Nc3 Re6
30.Ncd5 Bxd5 31.Nxd5 Qb7 32.Rf2 Rg6 33.b4 Nce6 34.Qb2 Kh7 35.Kh2 Nd4 36.Ne3 Qd7
37.h4 gxh4 38.gxh4 Qe7 39.Nf5 Ngxf5 40.exf5 Qxh4+ 41.Kg1 Nxf5 42.c5 Ne3  0-1

[Event "EST-chT"]
[Site "Tallinn"]
[Date "1998.??.??"]
[Round "7"]
[White "Piarnpuu, Leili"]
[Black "Tsiganova, Monika"]
[Result "1/2-1/2"]
[WhiteElo "2290"]
[BlackElo "2305"]

1.Nf3 Nf6 2.c4 c5 3.Nc3 e6 4.g3 b6 5.Bg2 Bb7 6.O-O Be7 7.Re1 d6 8.e4 O-O
9.d4 cxd4 10.Nxd4 Qc7 11.Be3 Nbd7 12.Rc1 a6 13.f4 Rfe8 14.Bf2 Bf8 15.b3 Rad8
16.Qe2 g6 17.e5 Bxg2 18.Kxg2 dxe5 19.fxe5 Nh5 20.Nf3 Nc5 21.Rcd1 Rxd1 22.Rxd1 Rd8
23.Be3 Rxd1 24.Qxd1 Nd7 25.Bd4 Ng7 26.g4 Ne8 27.Qe2 Qc6 28.Qe4 Qxe4 29.Nxe4 h6
30.Kf2 Nc7 31.Ke3 b5 32.Kd3 bxc4+ 33.bxc4 Nb8 34.Nf6+ Kg7 35.Bb6 Na8 36.Ne8+ Kg8
37.Nf6+ Kg7 38.Ne8+ Kg8 39.Nf6+ Kg7 40.Ne8+  1/2-1/2